[Event "XL C.to Italiano"]
[Site "Napoli ITA"]
[Date "1981.03.??"]
[Round "9"]
[White "Sibilio, Mario"]
[Black "Taruffi, Daniele"]
[Result "1/2-1/2"]
[WhiteElo "2440"]
[BlackElo "2325"]
[PlyCount "37"]
[EventDate "1981.03.14"]

1. Nf3 d5 2. b3 c5 3. e3 Nf6 4. Bb2 Nc6 5. Bb5 Bd7 6. O-O e6 7. Bxc6 Bxc6 8.
Ne5 Bd6 9. f4 O-O 10. d3 Qc7 11. Nd2 Nd7 12. Nxc6 Qxc6 13. Qg4 e5 14. f5 Be7
15. e4 Qh6 16. Bc1 Bg5 17. Qe2 Be3+ 18. Kh1 d4 19. Rf3 1/2-1/2

[Event "XL C.to Italiano"]
[Site "Napoli ITA"]
[Date "1981.03.??"]
[Round "9"]
[White "Trabattoni, Franco"]
[Black "Tatai, Stefano"]
[Result "1/2-1/2"]
[WhiteElo "2330"]
[BlackElo "2420"]
[PlyCount "39"]
[EventDate "1981.03.14"]

1. e4 e5 2. Nf3 Nc6 3. Bb5 f5 4. Nc3 fxe4 5. Nxe4 d5 6. Nxe5 dxe4 7. Nxc6 Qd5
8. c4 Qd6 9. Qh5+ g6 10. Qe5+ Qxe5 11. Nxe5+ c6 12. Ba4 Bg7 13. f4 Nh6 14. Bc2
O-O 15. O-O Ng4 16. Bxe4 Nxe5 17. fxe5 Rxf1+ 18. Kxf1 Bxe5 19. h3 Bf5 20. d3
1/2-1/2

[Event "XL C.to Italiano"]
[Site "Napoli ITA"]
[Date "1981.03.??"]
[Round "10"]
[White "Bonfa', Ileano"]
[Black "Sartori, Spartaco"]
[Result "1/2-1/2"]
[WhiteElo "2240"]
[BlackElo "2275"]
[PlyCount "29"]
[EventDate "1981.03.14"]

1. d4 Nf6 2. c4 g6 3. Nc3 d5 4. Nf3 Bg7 5. Bg5 Ne4 6. cxd5 Nxg5 7. Nxg5 e6 8.
Qd2 h6 9. Nh3 exd5 10. Nf4 O-O 11. e3 c5 12. dxc5 d4 13. exd4 Qxd4 14. Qxd4
Bxd4 15. Bc4 1/2-1/2

[Event "XL C.to Italiano"]
[Site "Napoli ITA"]
[Date "1981.03.??"]
[Round "10"]
[White "Cocchi, Andrea"]
[Black "Arlandi, Ennio"]
[Result "1-0"]
[WhiteElo "2245"]
[BlackElo "2365"]
[PlyCount "99"]
[EventDate "1981.03.14"]

1. c4 c5 2. g3 g6 3. Bg2 Bg7 4. Nc3 Nf6 5. e3 O-O 6. Nge2 Nc6 7. O-O b6 8. a3
Bb7 9. Rb1 Qc8 10. d3 d6 11. b4 e6 12. h3 Rd8 13. e4 Ne8 14. Qb3 Nc7 15. f4 f5
16. Bb2 Rd7 17. Kh2 Qf8 18. exf5 gxf5 19. Qa4 d5 20. cxd5 Nxd5 21. Nxd5 exd5
22. Bxg7 Kxg7 23. bxc5 Qxc5 24. Rb5 Qe3 25. Rb2 Rad8 26. Rc1 Rd6 27. d4 R8d7
28. Rc3 Qe7 29. Ng1 Na5 30. Re2 Re6 31. Rxe6 Qxe6 32. Nf3 Bc6 33. Qc2 Nc4 34.
Ne5 Nxe5 35. fxe5 Bb7 36. h4 Rf7 37. Bh3 h5 38. Rc7 Rxc7 39. Qxc7+ Qf7 40. Qd8
Kh7 41. Qg5 Bc8 42. Bg2 Bd7 43. Bf3 Be8 44. Bg2 b5 45. Qd8 f4 46. Bxd5 Qg6 47.
Qe7+ Kh6 48. Qf8+ Kh7 49. Qxf4 a6 50. Be4 1-0

[Event "XL C.to Italiano"]
[Site "Napoli ITA"]
[Date "1981.03.??"]
[Round "10"]
[White "Ianniello, Riccardo"]
[Black "Iannaccone, Ernesto"]
[Result "1/2-1/2"]
[WhiteElo "2285"]
[BlackElo "2270"]
[PlyCount "87"]
[EventDate "1981.03.14"]

1. e4 e5 2. Nf3 Nc6 3. d4 exd4 4. Bc4 Nf6 5. O-O Nxe4 6. Re1 d5 7. Nc3 dxc4 8.
Rxe4+ Be7 9. Nxd4 f5 10. Rf4 O-O 11. Nxc6 Qxd1+ 12. Nxd1 bxc6 13. Rxc4 Bd6 14.
Nc3 Rb8 15. b3 Re8 16. Bf4 Rb4 17. Rxb4 Bxb4 18. Na4 Bd6 19. Be3 a5 20. g3 Kf7
21. Rd1 h6 22. h4 Bxg3 23. fxg3 Rxe3 24. Kf2 Re5 25. Rd8 Be6 26. c4 g5 27. hxg5
hxg5 28. Ra8 f4 29. gxf4 gxf4 30. Kf3 Re3+ 31. Kxf4 Re2 32. Ra7 Rxa2 33. Rxc7+
Ke8 34. Nc5 Bxc4 35. bxc4 Rc2 36. Ke5 Rxc4 37. Kd6 Rc1 38. Re7+ Kf8 39. Ne6+
Kg8 40. Kd7 a4 41. Ke8 Rf1 42. Rg7+ Kh8 43. Rg3 Kh7 44. Ra3 1/2-1/2

[Event "XL C.to Italiano"]
[Site "Napoli ITA"]
[Date "1981.03.??"]
[Round "10"]
[White "Messa, Roberto"]
[Black "Ceschia, Ivano"]
[Result "1/2-1/2"]
[WhiteElo "2300"]
[BlackElo "2280"]
[PlyCount "108"]
[EventDate "1981.03.14"]

1. e4 c5 2. d4 cxd4 3. c3 Nf6 4. e5 Nd5 5. Qxd4 e6 6. Nf3 Nc6 7. Qe4 Qc7 8. Bc4
Nde7 9. Bf4 Ng6 10. Bg3 b6 11. Nbd2 Bb7 12. Qe2 Rd8 13. Rd1 d6 14. exd6 Bxd6
15. Ne4 Nf4 16. Nxd6+ Rxd6 17. Rxd6 Qxd6 18. Qe4 Nxg2+ 19. Kf1 Qc5 20. Be2 Nd8
21. Qa4+ Bc6 22. Qd4 Qxd4 23. cxd4 g5 24. Kxg2 g4 25. Rc1 gxf3+ 26. Bxf3 Kd7
27. b4 b5 28. a4 a6 29. axb5 axb5 30. Rc5 Rf8 31. d5 exd5 32. Bxd5 Bxd5+ 33.
Rxd5+ Kc6 34. Rd6+ Kb7 35. Rh6 Nc6 36. Rxh7 Nxb4 37. Bd6 Rg8+ 38. Kf3 Nd5 39.
Rxf7+ Kc6 40. Be5 b4 41. Ke4 Rg4+ 42. Kd3 b3 43. Rf8 Rb4 44. Rc8+ Kd7 45. Rc1
Ke6 46. Re1 Kf5 47. Bb2 Nf4+ 48. Kd2 Re4 49. Re3 Rxe3 50. fxe3 Ng2 51. Kd3 Ne1+
52. Ke2 Ng2 53. Kf2 Nh4 54. Kg3 Ng6 1/2-1/2

[Event "XL C.to Italiano"]
[Site "Napoli ITA"]
[Date "1981.03.??"]
[Round "10"]
[White "Passerotti, Pierluigi"]
[Black "Pantaleoni, Claudio"]
[Result "1/2-1/2"]
[WhiteElo "2320"]
[BlackElo "2190"]
[PlyCount "87"]
[EventDate "1981.03.14"]

1. e4 c5 2. Nf3 Nc6 3. Bb5 e6 4. O-O Nge7 5. c3 a6 6. Bxc6 Nxc6 7. d4 d5 8. Bg5
f6 9. exd5 exd5 10. Bf4 c4 11. b3 b5 12. a4 Bg4 13. Re1+ Be7 14. axb5 axb5 15.
Rxa8 Qxa8 16. Bd6 Qd8 17. Bxe7 Nxe7 18. Qe2 Bd7 19. Na3 Kf7 20. Nc2 Re8 21. Nd2
Ng6 22. Qf3 Rxe1+ 23. Nxe1 Be6 24. Nc2 Qa5 25. bxc4 bxc4 26. Nb4 Kg8 27. Nf1
Ne7 28. h3 Nf5 29. Qe2 Bf7 30. Qe1 Qa7 31. Ne3 Ne7 32. Kh2 Qa6 33. g3 h6 34. h4
Kh7 35. Ng2 Qa7 36. Nf4 g5 37. Ng2 Qd7 38. Qe2 Nf5 39. Qf3 Be6 40. Nc2 Kg7 41.
Nce3 Ne7 42. Qh5 Bf7 43. Qe2 Bg6 44. hxg5 1/2-1/2

[Event "XL C.to Italiano"]
[Site "Napoli ITA"]
[Date "1981.03.??"]
[Round "10"]
[White "Tatai, Stefano"]
[Black "Sanna, Gianlazzaro"]
[Result "1-0"]
[WhiteElo "2420"]
[BlackElo "2335"]
[PlyCount "51"]
[EventDate "1981.03.14"]

1. d4 Nf6 2. c4 e6 3. Nf3 b6 4. a3 Bb7 5. Nc3 d5 6. cxd5 exd5 7. g3 Bd6 8. Bg5
O-O 9. Nh4 Re8 10. Bg2 c6 11. O-O Nbd7 12. e4 dxe4 13. Nxe4 Be7 14. Nf5 h6 15.
Bxh6 gxh6 16. Nxh6+ Kf8 17. Ng5 Bd6 18. Qd2 Qc7 19. Nf5 Kg8 20. Nh6+ Kf8 21.
Nhxf7 Re7 22. Nh6 Rae8 23. Nf5 Re2 24. Nh7+ Kf7 25. Qh6 Rg8 26. Ng5+ 1-0

[Event "XL C.to Italiano"]
[Site "Napoli ITA"]
[Date "1981.03.??"]
[Round "10"]
[White "Taruffi, Daniele"]
[Black "Bruno, Fabio"]
[Result "1-0"]
[WhiteElo "2325"]
[BlackElo "2265"]
[PlyCount "103"]
[EventDate "1981.03.14"]

1. e4 c5 2. Nc3 Nc6 3. g3 e6 4. Bg2 Nf6 5. Nge2 Be7 6. O-O O-O 7. d4 cxd4 8.
Nxd4 a6 9. Bf4 d6 10. Nxc6 bxc6 11. e5 Nd5 12. exd6 Bxd6 13. Bxd6 Qxd6 14. Na4
Qc7 15. Re1 Rb8 16. b3 Rd8 17. Qe2 Qa5 18. Qe5 Rb7 19. c4 f6 20. Qh5 g6 21. Qe2
Ne7 22. Rad1 e5 23. Rxd8+ Qxd8 24. Nc5 Rc7 25. Rd1 Qf8 26. Qd2 Nf5 27. Qa5 Qe7
28. Ne4 Kg7 29. Qc5 Nd4 30. Qxe7+ Rxe7 31. Nc5 a5 32. Rd2 h5 33. f4 Bf5 34. Kf2
Kf7 35. fxe5 fxe5 36. Be4 Kf6 37. Ke3 h4 38. Rf2 hxg3 39. hxg3 Kg5 40. Nd3 Kg4
41. Rg2 Re8 42. Nf2+ Kg5 43. g4 Be6 44. Nd3 Bc8 45. Nxe5 c5 46. Nf7+ Kf6 47.
Nd6 Rd8 48. Rf2+ Kg7 49. Rf7+ Kg8 50. Rf6 Bxg4 51. Rxg6+ Kf8 52. Nb7 1-0

[Event "XL C.to Italiano"]
[Site "Napoli ITA"]
[Date "1981.03.??"]
[Round "10"]
[White "Toth, Bela"]
[Black "Sibilio, Mario"]
[Result "1-0"]
[WhiteElo "2420"]
[BlackElo "2440"]
[PlyCount "81"]
[EventDate "1981.03.14"]

1. d4 g6 2. c4 Bg7 3. Nc3 d6 4. e4 Nc6 5. d5 Nd4 6. Be3 e5 7. dxe6 Nxe6 8. Qd2
Bd7 9. Bd3 a6 10. a4 Ne7 11. Nge2 Nc6 12. O-O O-O 13. f4 Ned4 14. Rae1 Nxe2+
15. Bxe2 f5 16. Bf3 Be6 17. Nd5 fxe4 18. Bxe4 Qd7 19. Bf3 Rae8 20. Bf2 Bxd5 21.
Bxd5+ Kh8 22. Be4 Qf7 23. Bd5 Qf6 24. g3 h6 25. b3 Nd8 26. Be4 g5 27. fxg5 Qxg5
28. Qd1 b6 29. Bb1 Rxe1 30. Rxe1 Qf6 31. Qc2 Kg8 32. Bxb6 cxb6 33. Qh7+ Kf7 34.
Rf1 Qxf1+ 35. Kxf1 Ne6 36. Kg2 Ke7 37. Bf5 Rf7 38. Bxe6 Kxe6 39. h4 a5 40. g4
Re7 41. Qf5# 1-0

[Event "XL C.to Italiano"]
[Site "Napoli ITA"]
[Date "1981.03.??"]
[Round "10"]
[White "Vallifuoco, Giacomo"]
[Black "Trabattoni, Franco"]
[Result "1/2-1/2"]
[WhiteElo "2270"]
[BlackElo "2330"]
[PlyCount "48"]
[EventDate "1981.03.14"]

1. c4 Nf6 2. Nc3 e5 3. g3 d5 4. cxd5 Nxd5 5. Bg2 Nb6 6. d3 Be7 7. Be3 O-O 8.
Qc1 Nc6 9. Bxc6 bxc6 10. Nf3 Bd6 11. O-O Qe8 12. Kg2 f5 13. Ng1 Nd5 14. f3 f4
15. Bd2 Rf6 16. Ne4 Rg6 17. g4 Rb8 18. a3 h5 19. h3 Bd7 20. b4 Qe7 21. Rf2 Rf8
22. Kf1 Qh4 23. Rg2 hxg4 24. hxg4 Qh7 1/2-1/2

[Event "XL C.to Italiano"]
[Site "Napoli ITA"]
[Date "1981.03.??"]
[Round "11"]
[White "Arlandi, Ennio"]
[Black "Bonfa', Ileano"]
[Result "1-0"]
[WhiteElo "2365"]
[BlackElo "2240"]
[PlyCount "69"]
[EventDate "1981.03.14"]

1. d4 Nf6 2. c4 g6 3. Nc3 d5 4. Nf3 Bg7 5. cxd5 Nxd5 6. e4 Nxc3 7. bxc3 c5 8.
Be3 O-O 9. Rc1 Qa5 10. Qd2 e6 11. Be2 Rd8 12. d5 exd5 13. exd5 Bf5 14. O-O Be4
15. c4 Qxd2 16. Nxd2 Bf5 17. g4 Bd7 18. Bxc5 Na6 19. Be3 b6 20. Rb1 f5 21. h3
Re8 22. Bf3 Rad8 23. Kg2 Ba4 24. Rfc1 Nc5 25. Bxc5 bxc5 26. g5 Be5 27. Bd1 Bf4
28. Bxa4 Bxd2 29. Bxe8 Bxc1 30. Rxc1 Rxe8 31. Rb1 Re2 32. Rb8+ Kg7 33. Rb7+ Kg8
34. Rxa7 Re4 35. d6 1-0

[Event "XL C.to Italiano"]
[Site "Napoli ITA"]
[Date "1981.03.??"]
[Round "11"]
[White "Ceschia, Ivano"]
[Black "Bruno, Fabio"]
[Result "1/2-1/2"]
[WhiteElo "2280"]
[BlackElo "2265"]
[PlyCount "225"]
[EventDate "1981.03.14"]

1. e4 c5 2. Nf3 e6 3. d4 cxd4 4. Nxd4 Nc6 5. Nb5 d6 6. c4 Nf6 7. N1c3 a6 8. Na3
Be7 9. Be2 O-O 10. O-O b6 11. Be3 Ne5 12. Rc1 Bb7 13. f3 Rc8 14. Bd4 Qc7 15.
Qd2 Ned7 16. Rfd1 Qb8 17. Bf1 Rfe8 18. Qf2 Ba8 19. Nab1 Bc6 20. b4 b5 21. a3
bxc4 22. Bxc4 Bb7 23. Qe2 Qa8 24. Bd3 Rc7 25. Nd5 Nxd5 26. exd5 Rxc1 27. Rxc1
e5 28. Bb2 Rc8 29. Rxc8+ Qxc8 30. Nc3 Qc7 31. Kf1 a5 32. Qe4 g6 33. Qc4 Qxc4
34. Bxc4 axb4 35. axb4 Nb6 36. Bb3 Kf8 37. Bc1 Ke8 38. Be3 Bd8 39. Ke2 Kd7 40.
g4 f6 41. h4 Nc8 42. Ba4+ Kc7 43. Be8 f5 44. g5 Ba6+ 45. b5 Bb7 46. Bf7 Ne7 47.
Kd3 Bc8 48. f4 Kd7 49. Kc4 Bb7 50. Be6+ Kc7 51. b6+ Kb8 52. Nb5 Ba6 53. Kb4 Bb7
54. Kc4 Ba6 55. fxe5 dxe5 56. Kc5 f4 57. Bd2 f3 58. Be1 Nc8 59. Bxc8 Kxc8 60.
Nd6+ Kd7 61. Ne4 Bb7 62. Nf6+ Ke7 63. Bf2 h5 64. Ne4 Kd7 65. Kc4 Ba6+ 66. Kc3
Be7 67. Bc5 Bxc5 68. Nxc5+ Kc8 69. Ne4 Kb7 70. Kd2 Kxb6 71. Ke3 Bb7 72. Nf6 Kc5
73. Kxf3 Bxd5+ 74. Ke3 Bc6 75. Nh7 Kd5 76. Nf8 Be8 77. Nh7 Ke6 78. Nf6 Bc6 79.
Ng8 Bd5 80. Nf6 Bb3 81. Ng8 Bc2 82. Nh6 Ke7 83. Ng8+ Kf7 84. Nf6 Ke6 85. Ng8
Bb3 86. Ke4 Bd5+ 87. Ke3 Bb7 88. Nh6 Bc6 89. Ng8 Bd5 90. Nf6 Ba2 91. Ng8 Kf7
92. Nf6 Bb1 93. Kf3 Ke6 94. Ng8 Bf5 95. Ke3 Kf7 96. Nf6 Bc2 97. Kd2 Ba4 98. Ke3
Bc6 99. Kf2 Ke6 100. Ng8 e4 101. Ke3 Ke5 102. Ne7 Be8 103. Ng8 Bf7 104. Nf6 Bd5
105. Nd7+ Kf5 106. Nf6 Bb7 107. Ng8 Kg4 108. Ne7 Kxh4 109. Kf4 e3 110. Nxg6+
Kh3 111. Kxe3 Kg4 112. Nf4 Kxg5 113. Nxh5 1/2-1/2

[Event "XL C.to Italiano"]
[Site "Napoli ITA"]
[Date "1981.03.??"]
[Round "11"]
[White "Iannaccone, Ernesto"]
[Black "Rupeni, Franco"]
[Result "1/2-1/2"]
[WhiteElo "2270"]
[BlackElo "2205"]
[PlyCount "30"]
[EventDate "1981.03.14"]

1. c4 Nf6 2. Nc3 c5 3. g3 d5 4. cxd5 Nxd5 5. Bg2 Nc7 6. d3 g6 7. Nf3 Nc6 8. O-O
Bg7 9. Be3 b6 10. Rc1 Bb7 11. Qd2 h6 12. Ne1 Rb8 13. a3 Kf8 14. Rb1 Kg8 15. Nc2
Ne5 1/2-1/2

[Event "XL C.to Italiano"]
[Site "Napoli ITA"]
[Date "1981.03.??"]
[Round "11"]
[White "Martorelli, Antonio"]
[Black "Ianniello, Riccardo"]
[Result "1-0"]
[WhiteElo "2320"]
[BlackElo "2285"]
[PlyCount "91"]
[EventDate "1981.03.14"]

1. e4 e5 2. Nf3 d6 3. d4 Nd7 4. Bc4 Nb6 5. Be2 Bg4 6. dxe5 Bxf3 7. gxf3 dxe5 8.
Qxd8+ Rxd8 9. f4 exf4 10. Rg1 g6 11. Bxf4 c6 12. a4 Bd6 13. Bg3 Bxg3 14. Rxg3
Ne7 15. Rb3 Rb8 16. Nd2 O-O 17. Nc4 Nxc4 18. Bxc4 Nc8 19. Rd3 c5 20. Rd5 Re8
21. f3 Nb6 22. Rxc5 Nxc4 23. Rxc4 f5 24. O-O-O fxe4 25. Rxe4 Rxe4 26. fxe4 Re8
27. Rd4 Re7 28. b4 Kf7 29. Kd2 Ke6 30. Ke3 Rf7 31. Rd8 Rc7 32. Kd3 Rf7 33. Re8+
Kd7 34. Rh8 Rf3+ 35. Kd4 Rh3 36. c4 Rxh2 37. c5 Ke6 38. Re8+ Kd7 39. Rg8 a6 40.
b5 Ra2 41. Kd5 Rxa4 42. Rg7+ Kc8 43. b6 Kd8 44. Rxh7 Ra1 45. Rxb7 a5 46. Kc6
1-0

[Event "XL C.to Italiano"]
[Site "Napoli ITA"]
[Date "1981.03.??"]
[Round "11"]
[White "Messa, Roberto"]
[Black "Tatai, Stefano"]
[Result "1/2-1/2"]
[WhiteElo "2300"]
[BlackElo "2420"]
[PlyCount "118"]
[EventDate "1981.03.14"]

1. e4 c5 2. d4 cxd4 3. c3 d3 4. c4 Nc6 5. Nf3 d6 6. h3 g6 7. Bxd3 Bg7 8. Nc3
Nf6 9. O-O O-O 10. Be3 Bd7 11. Qe2 Qa5 12. a3 Rfc8 13. b4 Qd8 14. Rac1 Qf8 15.
Rfd1 Be8 16. Bb1 Nd7 17. Nd5 a5 18. b5 Nd8 19. Nd4 Ne6 20. Nb3 a4 21. Nd4 Nxd4
22. Bxd4 Bxd4 23. Rxd4 Rc5 24. Rdd1 Rac8 25. f4 e6 26. Ne3 Nb6 27. Qf1 d5 28.
exd5 exd5 29. cxd5 Bxb5 30. Qe1 Re8 31. Qd2 Qd6 32. Qb4 Nd7 33. Rc3 Qb6 34.
Rxc5 Nxc5 35. Qd4 Nd7 36. Qxb6 Nxb6 37. Kf2 Nc8 38. Rc1 Nd6 39. Kf3 Kf8 40. h4
Bd7 41. Bd3 Rc8 42. Rxc8+ Bxc8 43. Nd1 Bf5 44. Bxf5 Nxf5 45. g4 Nd4+ 46. Ke4
Nb5 47. Nb2 Nxa3 48. Nxa4 Nb5 49. Ke5 Ke7 50. g5 Nd6 51. Nb6 Ne8 52. d6+ Nxd6
53. Nd5+ Kd7 54. Nf6+ Kc6 55. Nxh7 b5 56. Nf6 b4 57. Nd5 b3 58. Nc3 b2 59. Nb1
Kd7 1/2-1/2

[Event "XL C.to Italiano"]
[Site "Napoli ITA"]
[Date "1981.03.??"]
[Round "11"]
[White "Sanna, Gianlazzaro"]
[Black "Sibilio, Mario"]
[Result "1/2-1/2"]
[WhiteElo "2335"]
[BlackElo "2440"]
[PlyCount "97"]
[EventDate "1981.03.14"]

1. c4 g6 2. Nf3 Bg7 3. Nc3 d6 4. d4 c6 5. g3 Nf6 6. Bg2 O-O 7. O-O Qa5 8. h3 e5
9. e4 exd4 10. Nxd4 Qc5 11. Nb3 Qb4 12. Re1 Be6 13. Bf1 Bxc4 14. Bxc4 Qxc4 15.
Qxd6 Na6 16. Na5 Qb4 17. Qxb4 Nxb4 18. Re2 b6 19. Nb3 Rad8 20. Bg5 h6 21. Bd2
Nd3 22. Nd1 Rfe8 23. f3 Nh5 24. Kg2 Nxb2 25. Nxb2 Bxb2 26. Rae1 Bg7 27. e5 Bf8
28. g4 Ng7 29. Bxh6 Ne6 30. Be3 g5 31. h4 Rd5 32. Bxg5 Nxg5 33. hxg5 Bb4 34.
Rc1 Rdxe5 35. Rxe5 Rxe5 36. Rxc6 Re2+ 37. Kg3 Rxa2 38. Kf4 Ra3 39. Nd4 Rc3 40.
Ke4 Bc5 41. Nb5 Re3+ 42. Kf4 Re7 43. Kf5 Kg7 44. Nc7 Bd6 45. Ne8+ Rxe8 46. Rxd6
Rc8 47. Rd7 Rc5+ 48. Ke4 Rxg5 49. Rxa7 1/2-1/2